[Event "Moscow op-E"]
[Site "Moscow"]
[Date "2011.02.05"]
[Round "8.247"]
[White "Gadzhiev, Farid"]
[Black "Lavrischev, Anatoliy"]
[Result "0-1"]
[WhiteElo "1783"]
[BlackElo "1909"]
[PlyCount "122"]
[EventDate "2011.01.29"]
[EventType "swiss"]
[EventRounds "9"]
[EventCountry "RUS"]
[SourceTitle "EXT 2022"]
[Source "ChessBase"]
[SourceDate "2021.10.06"]
[SourceVersion "1"]
[SourceVersionDate "2021.10.06"]
[SourceQuality "1"]

1. e4 e6 2. d4 b6 3. Bd3 Bb7 4. Nf3 c5 5. c3 Nf6 6. Qe2 Be7 7. 0-0 0-0 8. e5 Nd5 9. Qe4 g6 10. Qg4 f5 11. exf6 Nxf6 12. Qh3 Bxf3 13. Qxf3 Nc6 14. Bh6 Rf7 15. dxc5 Bxc5 16. Qe2 Qc7 17. Nd2 Ne5 18. h3 Nxd3 19. Qxd3 d5 20. Rae1 Re8 21. Be3 Bd6 22. c4 Bb4 23. cxd5 Nxd5 24. a3 Bxd2 25. Bxd2 Rd7 26. Qb3 Qd6 27. Re2 Nc7 28. Rfe1 Qd5 29. Qg3 Qd3 30. Qe5 Qf5 31. Qg3 Nd5 32. Re5 Qf7 33. Bg5 Nf6 34. R5e3 Nh5 35. Qe5 Ng7 36. Rf3 Rd5 37. Qe4 Qd7 38. Rc3 Rxg5 39. Qc2 Rd8 40. Rc7 Qd2 41. Qe4 Rgd5 42. Rec1 Qxb2 43. Qh4 R5d7 44. R1c3 Qd2 45. Qf6 Qd6 46. R3c6 Qf8 47. Qe5 Qe7 48. Rxd7 Rxd7 49. Rc8+ Rd8 50. Rc7 Rd7 51. Rc8+ Ne8 52. Qb8 Kf7 53. Qf4+ Nf6 54. g4 Qd6 55. Qh6 Rd8 56. Rc1 Kg8 57. Qe3 Nd5 58. Qg5 Rf8 59. Re1 Qf4 60. Qh4 g5 61. Qg3 Qxg3+ 0-1

[Event "Moscow op-E"]
[Site "Moscow"]
[Date "2011.02.04"]
[Round "7.253"]
[White "Lavrischev, Anatoliy"]
[Black "Khorsun, Vsevolod"]
[Result "1/2-1/2"]
[WhiteElo "1909"]
[BlackElo "1729"]
[PlyCount "45"]
[EventDate "2011.01.29"]
[EventType "swiss"]
[EventRounds "9"]
[EventCountry "RUS"]
[SourceTitle "EXT 2022"]
[Source "ChessBase"]
[SourceDate "2021.10.06"]
[SourceVersion "1"]
[SourceVersionDate "2021.10.06"]
[SourceQuality "1"]

1. c4 g6 2. Nf3 Bg7 3. d4 Nf6 4. Nc3 0-0 5. e4 d6 6. Be2 e5 7. dxe5 dxe5 8. Qxd8 Rxd8 9. 0-0 Re8 10. Nd5 Na6 11. Nxf6+ Bxf6 12. Be3 Nb4 13. Rfc1 Bd7 14. a3 Nc6 15. Rd1 Rad8 16. b4 Bc8 17. Rxd8 Rxd8 18. Rd1 Rxd1+ 19. Bxd1 Be6 20. Be2 a6 21. h3 Bg7 22. Nd2 f6 23. Kf1 1/2-1/2

[Event "Moscow op-E"]
[Site "Moscow"]
[Date "2011.02.01"]
[Round "4.2"]
[White "Kanaev, Sergey"]
[Black "Lavrischev, Anatoliy"]
[Result "0-1"]
[WhiteElo "1580"]
[BlackElo "1909"]
[PlyCount "71"]
[EventDate "2011.01.29"]
[EventType "swiss"]
[EventRounds "9"]
[EventCountry "RUS"]
[SourceTitle "EXT 2022"]
[Source "ChessBase"]
[SourceDate "2021.10.06"]
[SourceVersion "1"]
[SourceVersionDate "2021.10.06"]
[SourceQuality "1"]

1. d4 Nf6 2. c4 e6 3. Nf3 b6 4. Nc3 Bb4 5. Qc2 Bb7 6. Bg5 h6 7. Bh4 g5 8. Bg3 Ne4 9. Be5 f6 10. Bg3 f5 11. Be5 Rg8 12. h4 g4 13. Nd2 Nxc3 14. bxc3 Be7 15. h5 Bg5 16. e3 d6 17. Bf4 Bxf4 18. exf4 Qf6 19. Qd3 Nd7 20. Rh2 0-0-0 21. g3 e5 22. Qe3 e4 23. Be2 Qf7 24. Kf1 Nf6 25. Kg2 Bc6 26. a4 a5 27. Nb3 Qe8 28. d5 Bxa4 29. Nd4 Bd7 30. Rhh1 Nxh5 31. Rxa5 bxa5 32. Ra1 c5 33. Rxa5 Kb7 34. Qc1 Ra8 35. Qb2+ Kc7 36. Ne6+ 0-1

[Event "RSSU-18 op"]
[Site "Moscow"]
[Date "2009.10.29"]
[Round "8"]
[White "Lavrischev, Anatoliy"]
[Black "Lagashin, Pavel"]
[Result "0-1"]
[WhiteElo "1962"]
[BlackElo "2077"]
[PlyCount "74"]
[EventDate "2009.10.17"]
[EventType "swiss"]
[EventRounds "9"]
[EventCountry "RUS"]
[SourceTitle "EXT 2022"]
[Source "ChessBase"]
[SourceDate "2021.10.06"]
[SourceVersion "1"]
[SourceVersionDate "2021.10.06"]
[SourceQuality "1"]

1. Nf3 Nf6 2. b3 d6 3. Bb2 e5 4. d3 Be7 5. g3 Bg4 6. Bg2 Qd7 7. h3 Bxf3 8. Bxf3 Nc6 9. c4 0-0-0 10. Nc3 h5 11. a3 g5 12. Bg2 Rdg8 13. b4 Ne8 14. Qa4 Kb8 15. Nd5 Bd8 16. e3 f5 17. 0-0-0 Rh6 18. Nc3 Nf6 19. Bd5 Re8 20. Bg2 Ne7 21. Qb3 Ng6 22. a4 h4 23. Nd5 Nxd5 24. cxd5 hxg3 25. fxg3 f4 26. exf4 exf4 27. g4 Re2 28. Be4 Re3 29. Bd4 Re2 30. Rdf1 Nh4 31. Kd1 f3 32. Bxf3 Nxf3 33. Rxf3 Rg2 34. Rhf1 Rxh3 35. Rf8 Qe7 36. Rxd8+ Qxd8 37. Bg7 Qe7 0-1

[Event "RSSU-18 op"]
[Site "Moscow"]
[Date "2009.10.24"]
[Round "5"]
[White "Paramzina, Anastasya"]
[Black "Lavrischev, Anatoliy"]
[Result "0-1"]
[WhiteElo "1712"]
[BlackElo "1962"]
[PlyCount "104"]
[EventDate "2009.10.17"]
[EventType "swiss"]
[EventRounds "9"]
[EventCountry "RUS"]
[SourceTitle "EXT 2022"]
[Source "ChessBase"]
[SourceDate "2021.10.06"]
[SourceVersion "1"]
[SourceVersionDate "2021.10.06"]
[SourceQuality "1"]

1. e4 c5 2. c3 Nf6 3. e5 Nd5 4. Nf3 e6 5. d4 cxd4 6. cxd4 Nc6 7. Nc3 Nxc3 8. bxc3 Be7 9. Bd3 d5 10. exd6 Bxd6 11. Bc2 Qc7 12. Qd3 h6 13. Bb2 Bd7 14. h3 Ne7 15. Nd2 Bc6 16. Ne4 Bf4 17. Bb3 b6 18. c4 Qb7 19. d5 exd5 20. cxd5 Bxd5 21. Bxd5 Qxd5 22. Qxd5 Nxd5 23. Rd1 0-0-0 24. 0-0 f6 25. g3 Bc7 26. Rc1 Rhe8 27. Rfe1 Kb7 28. Ba3 Kb8 29. Kf1 f5 30. Nc3 Rxe1+ 31. Kxe1 Nxc3 32. Rxc3 Re8+ 33. Kf1 f4 34. Rf3 g5 35. Rd3 Kc8 36. Bb2 Re6 37. Rc3 fxg3 38. fxg3 Kd7 39. Kf2 Bd6 40. Rd3 Kc6 41. Kf3 h5 42. Bc1 Be7 43. Bd2 a5 44. Be3 b5 45. Rc3+ Kd5 46. Rc7 Bd6 47. Rb7 g4+ 48. hxg4 hxg4+ 49. Ke2 Bc5 50. Rd7+ Kc4 51. Rd3 a4 52. Kd2 Bxe3+ 0-1

[Event "Moscow op-B 04th"]
[Site "Moscow"]
[Date "2008.02.07"]
[Round "6"]
[White "Ismailov, Mukhit"]
[Black "Lavrischev, Anatoliy"]
[Result "0-1"]
[WhiteElo "1890"]
[BlackElo "2029"]
[PlyCount "124"]
[EventDate "2008.02.02"]
[EventType "swiss"]
[EventRounds "9"]
[EventCountry "RUS"]
[SourceTitle "CBM 122 Extra"]
[Source "ChessBase"]
[SourceDate "2008.03.04"]
[SourceVersion "1"]
[SourceVersionDate "2008.03.04"]
[SourceQuality "1"]

1. d4 b6 2. c4 Bb7 3. Nc3 e6 4. Nf3 Bb4 5. a3 Bxc3+ 6. bxc3 Nf6 7. Bg5 h6 8. Bh4 g5 9. Bg3 d6 10. e3 Nbd7 11. Nd2 Ne4 12. Nxe4 Bxe4 13. f3 Bb7 14. Bd3 h5 15. e4 h4 16. Bf2 Nf6 17. Qe2 Qe7 18. a4 a5 19. Rb1 Ba6 20. Kd2 Nd7 21. Be3 e5 22. g3 0-0-0 23. gxh4 Rxh4 24. Rbg1 f6 25. Bf2 Rh3 26. Rg3 Rdh8 27. Rxh3 Rxh3 28. Bg3 Nf8 29. Qg2 Qd7 30. Ra1 Ng6 31. Bf1 Rh5 32. d5 Kd8 33. Kc2 Bc8 34. Kb3 Qe8 35. Qe2 Bd7 36. Ra2 Ne7 37. Qe1 Qh8 38. Qd1 Ng6 39. Qd3 Nf4 40. Qd2 Rh7 41. h4 Nh5 42. Be1 gxh4 43. Bxh4 Nf4 44. Bg3 Ng6 45. f4 exf4 46. Bxf4 Rh4 47. Bg3 Rxe4 48. Qd3 f5 49. Bg2 Ne5 50. Bxe5 Rxe5 51. Bf3 Qe8 52. Qd1 Re3 53. Bh5 Qe5 54. Rc2 f4 55. Bf3 Bf5 56. Rc1 Qg7 57. Qh1 Qe5 58. Qg2 Kc8 59. Qf2 Kb7 60. Bg2 Re2 61. Qf1 Qe3 62. Qh1 Rxg2 0-1